000 00831nmc a2200277 a 4500
003 AR-BaBNM
005 20251128210316.0
008 119119s1970 ||||||||||||||000 | spa||
040 _cAR-BaBNM
100 1 _aBullaude, José
245 1 0 _aEnseñanza audiovisual
_bteoría y práctica
260 _aSantiago
_bUniversitaria
_c1970
300 _a134 p.
_bil., tablas
490 0 _aBiblioteca Latinoamericana de Educación
_vv. 5
504 _aContiene bibliografía al final de cada capítulo
650 4 _aENSENANZA AUDIOVISUAL
650 4 _aAUXILIARES AUDIOVISUALES
650 4 _aMATERIAL DIDACTICO
650 4 _aMETODOS DE ENSENANZA
650 4 _aENSENANZA PROGRAMADA
650 4 _aPROGRAMAS AUDIOVISUALES
650 4 _aTECNOLOGIA EDUCATIVA
800 1 _aSalas, Irma
_edirector
942 _cBK
998 _cRaquel
999 _c14891
_d14891